MDQL
is popping MORE tags! Check the
thread
!
Quizzes
Events
Quiz Creation
Community
Videos
Private Events
Remove Ads
Sign In
Join for FREE
Feedback
Dark Mode
Quiz Categories
Sports
Geography
Music
Movies
Television
Just For Fun
Miscellaneous
History
Literature
Language
Science
Gaming
Entertainment
Religion
Holiday
For Kids
Quiz Lab
Recent
Popular Today
Quiz Kudos Today
Editor Picks
Curator Picks
Quizzes by...
Day
Popularity
Type
Ratings
Length
Year
Community
Subscriptions
Recent Discussions
Orange Saloon
Badges
Playlists
Quests
Create
Leaderboards
Showdown
Live 5
Trivia Bingo
Activity
Puzzle Library
Sporcle Events
Private Events
Virtual Trivia
Globe League
Become a Host
Pub Owners
SporcleCon
Opinionation
Our Games
Videos
Blog
Mobile Apps
Partnerships
Remove Ads and Go Orange
Feedback
Gaming
Video Games
Board Games
Card Games
Pokémon
Mario
Nintendo
Minecraft
Console
Toys
Legend of Zelda
Gaming
Video Games
Board Games
Card Games
Pokémon
Mario
Nintendo
Minecraft
Console
Toys
Legend of Zelda
Random Quiz
Search Sporcle
×
Quiz Lab
Quiz Lab
Gaming
chess
Type in answers that appear in a list
Type in answers that appear in a list
Classic
Best Score? Go Orange.
Polish chess champions Stats
Can you name the Polish chess champions?
By
rzeznik
10m
80 Questions
28 Plays
28 Plays
28 Plays
Comments
Comments
Give Quiz Kudos
Give Quiz Kudos
-
- Ratings
hide this ad
Replay
Link that replays current quiz
Next Quiz
Link to next quiz in quiz playlist
You Got
0%
They Got
Avg Score
52%
Avg Friend Score
Upgrade to see
Score Distribution
Jump to the score distribution portion of the page
Score
0/80
Timer
10:00
0
Plays Today
Hint
Answer
% Correct
2021
Radosław Wojtaszek
100%
2022
Radosław Wojtaszek
100%
2023
Bartosz Soćko
100%
2005
Radosław Wojtaszek
88.9%
2014
Radosław Wojtaszek
88.9%
2016
Radosław Wojtaszek
88.9%
2018
Jan-Krzysztof Duda
85.7%
2020
Kacper Piorun
85.7%
1927
Akiba Rubinstein
77.8%
2017
Kacper Piorun
74.1%
1935
Ksawery Tartakower
66.7%
1937
Ksawery Tartakower
66.7%
2008
Bartosz Soćko
66.7%
2013
Bartosz Soćko
66.7%
2019
Kamil Dragun
64.3%
1971
Włodzimierz Schmidt
63%
1974
Włodzimierz Schmidt
63%
1975
Włodzimierz Schmidt
63%
1981
Włodzimierz Schmidt
63%
1988
Włodzimierz Schmidt
63%
1990
Włodzimierz Schmidt
63%
1994
Włodzimierz Schmidt
63%
2015
Grzegorz Gajewski
63%
1926
Dawid Przepiórka
59.3%
1976
Aleksander Sznapik
59.3%
1980
Aleksander Sznapik
59.3%
1984
Aleksander Sznapik
59.3%
1991
Aleksander Sznapik
59.3%
2000
Michał Krasenkow
59.3%
2002
Michał Krasenkow
59.3%
2006
Mateusz Bartel
59.3%
2010
Mateusz Bartel
59.3%
2011
Mateusz Bartel
59.3%
2012
Mateusz Bartel
59.3%
1946
Bogdan Śliwa
55.6%
1951
Bogdan Śliwa
55.6%
1952
Bogdan Śliwa
55.6%
1953
Bogdan Śliwa
55.6%
1954
Bogdan Śliwa
55.6%
1960
Bogdan Śliwa
55.6%
Hint
Answer
% Correct
1968
Romuald Grąbczewski
55.6%
1972
Krzysztof Pytel
55.6%
1973
Krzysztof Pytel
55.6%
1993
Tomasz Markowski
55.6%
1997
Robert Kempiński
55.6%
1998
Tomasz Markowski
55.6%
1999
Tomasz Markowski
55.6%
2001
Robert Kempiński
55.6%
2003
Tomasz Markowski
55.6%
2004
Bartłomiej Macieja
55.6%
2007
Tomasz Markowski
55.6%
2009
Bartłomiej Macieja
55.6%
1964
Zbigniew Doda
51.9%
1966
Jerzy Kostro
51.9%
1967
Zbigniew Doda
51.9%
1969
Jerzy Lewi
51.9%
1970
Jerzy Kostro
51.9%
1982
Jan Adamski
51.9%
1985
Ignacy Nowak
51.9%
1986
Marek Hawełko
51.9%
1989
Aleksander Wojtkiewicz
51.9%
1992
Jacek Gdański
51.9%
1995
Aleksander Wojtkiewicz
51.9%
1996
Klaudiusz Urban
51.9%
1948
Kazimierz Makarczyk
48.1%
1963
Jacek Bednarski
48.1%
1977
Ryszard Skrobek
48.1%
1979
Jan Przewoźnik
48.1%
1983
Zbigniew Szymczak
44.4%
1987
Robert Kuczyński
44.4%
1950
Wiktor Balcarek
40.7%
1949
Kazimierz Plater
37%
1956
Kazimierz Plater
37%
1957
Kazimierz Plater
37%
1962
Witold Balcerowski
37%
1965
Witold Balcerowski
37%
1978
Adam Kuligowski
29.6%
1955
Józef Gromek
22.2%
1959
Stefan Witkowski
18.5%
1961
Alfred Tarnowski
11.1%
Quiz Playlist
Details
Report
Send in Message
Add To Playlist
Classic:
Type in answers that appear in a list
Last Updated: Aug 13, 2019
Quiz Scoreboard
CHALLENGE
Sign Up to Join the Scoreboard
Show All
Scores
Hide
Comments
May contain spoilers
Recently Published
Colored Red Africa Blitz
by spor1
Geography
30s
Find the 'City' Movie
by crazypaving
Movies
60s
5x2 Blitz: Bands
by SL_Kpop136
Music
30s
More to Explore
Quiz From the Vault
Featured Blog Post
14 Easter Pick-up Lines to Find Eggs With
hide this ad
You Might Also Like...
Tags
champion
chess
Polish
Today's Top Quizzes in Gaming
Browse Gaming
hide this ad
Today's Top Quizzes in chess
Browse chess
Top Contributed Quizzes in Gaming
1
Genshin murder mystery
2
Dead By Daylight Logic Puzzle
3
Destiny 2 exotic weapons by perk icons
4
League of Legends Pro Players by Career/Team History
5
Genshin Impact Logic Puzzle
6
Overwatch 2: Ultimate Ability Icons
7
Genshin Impact Logic Puzzle Quiz II
8
Overwatch Logic Puzzle
9
Who's on the WWE 2K24 Cover?
10
5-to-1: Legend of Zelda
Explore More
Trending Topics
Crossword
Disney
Marvel
Anime
Harry Potter
NBA
Kpop
Song
Pokémon
NFL
The Office
Country
Puzzle
Soccer
WWE
hide this ad
More By:
rzeznik
Quiz
Plays
Rating
Category
Featured
Created
World Chess Championship Hosts
230
5.00
Gaming
Oct 31, 2013
Numbers in Harry Potter Chapters
163
4.88
Literature
Sep 18, 2019
Polish chess champions
28
Gaming
Jun 30, 2017
Go to Creator's Profile
Score Distribution
Quiz Creator Spotlight
rzeznik
Follow
Send a Message
Quizzes Created
-
Created Quiz Play Count
-
More By This Creator
Popular Quizzes Today
1
Colored Red Africa Blitz
2
Find the 'City' Movie
3
5x2 Blitz: Bands
4
Find the US States - No Outlines Minefield
5
The Countries of the World
6
Find the US States
7
US States
8
Find the Countries of Europe - No Outlines Minefield
More Gaming Quizzes
The Evolution of Super Mario
Published
Trending Quizzes
Colored Red Europe Blitz I
Colored Red Europe Blitz II
Colored Red Africa Blitz II
Colored Red Europe Blitz III
Colored Red Africa Blitz III
Recently Updated
How Do You Spell That?
pecheneg
Godzilla Movies
pecheneg
Grab Bag: 4-10 Letters
pecheneg
2024 March Madness Bracket
pecheneg
Famous TV Couples
Peacemaker
Champions League XIs: Real Madrid
pecheneg
Largest US Cities 1790-2010
pecheneg
Rides in Walt Disney World
pecheneg
Most Oscar Losses (Acting)
pecheneg
Beyoncé Albums
pecheneg
Trending Topics
Disney
NBA
Marvel
Kpop
Crossword
Harry Potter
Anime
NFL
Soccer
WWE
Song
Puzzle
Country
The Office
Pokémon
Your Account Isn't Verified!
In order to create a playlist on Sporcle, you need to verify the email address you used during registration. Go to your
Sporcle Settings
to finish the process.
Report this User
Report this user for behavior that violates our
Community Guidelines
.
Details:
Send Report
Go to the Sporcle.com Mobile Site →
Comments